Julián Aguirre: ensayo sobre su vida y su obra en su tiempo

Guardado en:
Detalles Bibliográficos
Autor principal: Giacobbe, Juan Francisco (Autor)
Formato: Libro
Lenguaje:español
Publicado: Buenos Aires Ricordi Americana 1945
Materias:
Etiquetas: Agregar Etiqueta
Sin Etiquetas, Sea el primero en etiquetar este registro!

MARC

LEADER 00000nam a2200000 a 4500
001 UCN1198
003 CL-VaPUC
008 010420e19450000AG |||||||||||||||||spa|d
082 0 4 |a 780.92  |b GIA  |2 21 
100 |a Giacobbe, Juan Francisco  |e author  |9 457904 
245 1 0 |a Julián Aguirre: ensayo sobre su vida y su obra en su tiempo 
300 |a 97 p 
942 |c BK 
945 |d 20010420 00:00:00  |a crobeson 
260 |a Buenos Aires  |b Ricordi Americana  |c 1945 
600 0 7 |a AGUIRRE, JULIAN  |2 CL-VaPUC  |9 456648 
650 0 |a Compositores argentinos  |9 456649 
583 |a last modification  |c 20010420 00:00:00  |k Rodrigo Vera 
999 |c 294773  |d 294771